01279cam a22003014i 4500003000900000005001700009008004100026035001900067040003300086082002100119100004200140245009700182264004900279300006700328336002100395337002500416338002300441490007100464505033700535526000900872526000900881526000800890526000800898526000800906526000800914650002900922650002600951PE-LiUPU20250731175630.0150623s r 000 0 d a(Sirsi) a29413 aPE-LiUPUbspacPE-LiUPUerda04a465.6bA473a2231 aAlvarez Martinez, M. Angeles,eautor.13aEl articulo como entidad funcional en el español de hoy /cMa. Angeles Alvarez Martínez. 1aMadrid, España :bEditorial Gredos,c1986. a281 páginas :bIlustraciones, diagramas ;c20 centímetros. atext2rdacontent aunmediated2rdamedia avolume2rdacarrier a(Biblioteca Románica Hispánica :vII. Estudios y ensayos, 350) a¿Qué es el artículo? panorámica de las diferentes teorías -- Los morfemas nominales -- El valor transpositor del artículo en los nombres -- Los determinantes y el artículo -- El artículo y las funciones sintácticas -- Pertinencia del artículo en la transposición de oraciones a sustantivo, adjetivo y adverbio. aP145 aP127 aP97 aP35 aP14 aP07 0aArtículo (Gramática) 0aEspañolxArtículo